000 00492nam a2200169 4500
001 110323
003 ES-MaACL
005 20230906185027.0
007 t|
008 061121s1973 sp r ||||1| spa d
110 1 _aMadrid.
_bAyuntamiento
_9234069
245 1 0 _aOrdenanzas de las exacciones municipales correspondientes al ejercicio de 1973.
260 _aMadrid :
_bAyuntamiento,
_c1973.
300 _a324 p. ;
_c24 cm.
852 _aES-MaACL
_jE-6014
_bR.90722
999 _c110323
_d110323